| 000 | 00720nam a2200205 i 4500 | ||
|---|---|---|---|
| 001 | 94778 | ||
| 003 | ES-MaACL | ||
| 005 | 20250930063107.0 | ||
| 007 | t| | ||
| 008 | 050516q1956 sp ||||1| spa d | ||
| 100 | 0 |
_aLozano, Cristóbal, _d1609-1667 _974412 |
|
| 245 | 1 | 0 |
_aLeyendas y tradiciones españolas _b: la vida, el amor y la guerra a través de los siglos / _cCristobál Lozano; edición y noticia preliminar de José Bergua. |
| 260 |
_aMadrid : _bEdiciones Ibéricas, _c1956? |
||
| 300 |
_a331 p. ; _c16 cm. |
||
| 490 | 1 | _aBiblioteca de bolsillo | |
| 700 | 1 |
_aBergua, José. _928017 |
|
| 830 | 0 |
_aBiblioteca de Bolsillo _9177945 |
|
| 852 |
_aES-MaACL _jC-13528 _bR.40301 |
||
| 999 |
_c94778 _d94778 |
||